Ekologický marketing bakalárska práca

Enregistré dans:
Détails bibliographiques
Auteur principal: Špániková, Zuzana
Collectivité auteur: Obchodná fakulta EU. Katedra marketingu
Autres auteurs: Balhar, Vítězslav, Jr
Format: Livre
Langue:slovaque
Publié: Bratislava 2014
Tags: Ajouter un tag
Pas de tags, Soyez le premier à ajouter un tag!

MARC

LEADER 00000nbm a2200000 4500
001 0188310
005 20170201101427.7
041 0 |a slo 
044 |a SK 
245 1 0 |a Ekologický marketing  |b bakalárska práca  |c Zuzana Špániková ; školiteľ: Vítězslav Balhar 
264 1 |a Bratislava  |c 2014 
300 |a 57 s. 
100 1 |a Špániková, Zuzana 
700 1 |a Balhar, Vítězslav, Jr. 
710 2 |a Obchodná fakulta EU. Katedra marketingu